Sustainable Future : Proceedings of the 3rd Conference on Managing Digital Industry, Technology and Entrepreneurship, (CoMDITE 2022), Bandung, Indonesia, 24 May 2022.

Bibliographic Details
Main Author: Noviaristanti, Siska.
Other Authors: Boon, Ong Hway.
Format: eBook
Language:English
Published: Milton : CRC Press LLC, 2022.
Edition:1st ed.
Subjects:
Online Access:Click to View
LEADER 01569nam a22003613i 4500
001 EBC7244897
003 MiAaPQ
005 20231204023228.0
006 m o d |
007 cr cnu||||||||
008 231204s2022 xx o ||||0 eng d
020 |a 9781000882629  |q (electronic bk.) 
020 |z 9781032372013 
035 |a (MiAaPQ)EBC7244897 
035 |a (Au-PeEL)EBL7244897 
035 |a (OCoLC)1378933474 
040 |a MiAaPQ  |b eng  |e rda  |e pn  |c MiAaPQ  |d MiAaPQ 
100 1 |a Noviaristanti, Siska. 
245 1 0 |a Sustainable Future :  |b Proceedings of the 3rd Conference on Managing Digital Industry, Technology and Entrepreneurship, (CoMDITE 2022), Bandung, Indonesia, 24 May 2022. 
250 |a 1st ed. 
264 1 |a Milton :  |b CRC Press LLC,  |c 2022. 
264 4 |c Ã2023. 
300 |a 1 online resource (337 pages) 
336 |a text  |b txt  |2 rdacontent 
337 |a computer  |b c  |2 rdamedia 
338 |a online resource  |b cr  |2 rdacarrier 
588 |a Description based on publisher supplied metadata and other sources. 
590 |a Electronic reproduction. Ann Arbor, Michigan : ProQuest Ebook Central, 2023. Available via World Wide Web. Access may be limited to ProQuest Ebook Central affiliated libraries.  
655 4 |a Electronic books. 
700 1 |a Boon, Ong Hway. 
776 0 8 |i Print version:  |a Noviaristanti, Siska  |t Sustainable Future: Trends, Strategies and Development  |d Milton : CRC Press LLC,c2022  |z 9781032372013 
797 2 |a ProQuest (Firm) 
856 4 0 |u https://ebookcentral.proquest.com/lib/matrademy/detail.action?docID=7244897  |z Click to View